00426nam a2200145 a 450000100100000000500170001000800410002702000150006804000250008310000190010824500350012726000420016230000210020450000550022500003784520201002031126.0130307s2010 mx 000 0 spa d a9685146810 aDO-SdBNPbspacBNPHU1 aWilde, Óscar10aDe profundis /cÓscar Wilde. aMéxico :bEdiciones Leyenda,c2010. a107 p. ;c22 cm. aIncluye datos biográficos del autor en la solapa